| 000 | 00966nam a2200277 i 4500 | ||
|---|---|---|---|
| 005 | 20260330112720.0 | ||
| 008 | 260329t20252025my gr 000 0bmay d | ||
| 020 |
_a9786299555841 _cRM24.20 _qpaperback |
||
| 040 |
_aPPAK _beng _cPPAK _erda |
||
| 082 | 0 | 4 |
_223 _a808.882 |
| 090 | 0 | 0 |
_a808.882 _bJUN _dG |
| 100 | 0 |
_aJun Aina Alias, _eauthor. _d1975- _q(Junainah binti Jumaat) |
|
| 245 | 1 | 0 |
_aCikguku Legendz! / _cPenulis: Jun Aina Alias ; Editor: Sidang Editorial Mesbo Creative |
| 264 | 1 |
_aTanjung Piandang, Perak : _bMesbo Creative, _c2025 |
|
| 264 | 4 | _c©2025 | |
| 300 |
_a146 pages ; _c20 cm |
||
| 336 |
_atext _2rdacontent |
||
| 337 |
_aunmediated _2rdamedia |
||
| 338 |
_avolume _2rdacarrier |
||
| 504 | _aBibliography: page 217. | ||
| 650 | 1 | 0 |
_aTeachers _vAnecdotes |
| 650 | 2 | 0 |
_aTeacher-student relationships _vAnecdotes |
| 650 | 2 | 0 | _aAnecdotes |
| 710 | 2 |
_aSidang Editorial Mesbo Creative, _eeditor. |
|
| 942 |
_2ddc _cB |
||
| 999 |
_c203558 _d203558 |
||